<?xml version="1.0" encoding="UTF-8"?>
<record
    xmlns:xsi="http://www.w3.org/2001/XMLSchema-instance"
    xsi:schemaLocation="http://www.loc.gov/MARC21/slim http://www.loc.gov/standards/marcxml/schema/MARC21slim.xsd"
    xmlns="http://www.loc.gov/MARC21/slim">

  <leader>00626nam a2200193Ia 4500</leader>
  <controlfield tag="008">190805s9999||||xx |||||||||||||| ||und||</controlfield>
  <datafield tag="020" ind1=" " ind2=" ">
    <subfield code="a">9781259062698</subfield>
    <subfield code="c">Rs. 699.00</subfield>
  </datafield>
  <datafield tag="082" ind1="0" ind2="4">
    <subfield code="a">620.1053</subfield>
    <subfield code="b">B3924</subfield>
  </datafield>
  <datafield tag="100" ind1="1" ind2=" ">
    <subfield code="a">Beer, Ferdinand</subfield>
  </datafield>
  <datafield tag="245" ind1="1" ind2="0">
    <subfield code="a">Vector Mechanics for Engineers: Statics / </subfield>
  </datafield>
  <datafield tag="250" ind1=" " ind2=" ">
    <subfield code="a">10th ed.</subfield>
  </datafield>
  <datafield tag="260" ind1=" " ind2=" ">
    <subfield code="a">New Delhi : </subfield>
    <subfield code="b">McGraw Hill Education India,</subfield>
    <subfield code="c">2014</subfield>
  </datafield>
  <datafield tag="300" ind1=" " ind2=" ">
    <subfield code="a">xxix, 599 p.</subfield>
    <subfield code="b"> : ill.</subfield>
    <subfield code="c">; 24 cm.</subfield>
  </datafield>
  <datafield tag="650" ind1=" " ind2="0">
    <subfield code="a">Statics</subfield>
    <subfield code="v">Textbooks</subfield>
  </datafield>
  <datafield tag="700" ind1="1" ind2=" ">
    <subfield code="a">Johnston, E. Russell </subfield>
  </datafield>
  <datafield tag="700" ind1="1" ind2=" ">
    <subfield code="a">Mazurek, David F.</subfield>
  </datafield>
  <datafield tag="852" ind1=" " ind2=" ">
    <subfield code="a">IMU Kochi Library</subfield>
  </datafield>
  <datafield tag="942" ind1=" " ind2=" ">
    <subfield code="c">BK</subfield>
  </datafield>
  <datafield tag="999" ind1=" " ind2=" ">
    <subfield code="c">197</subfield>
    <subfield code="d">197</subfield>
  </datafield>
  <datafield tag="952" ind1=" " ind2=" ">
    <subfield code="0">0</subfield>
    <subfield code="1">0</subfield>
    <subfield code="4">0</subfield>
    <subfield code="6">620_105300000000000_B3924</subfield>
    <subfield code="7">0</subfield>
    <subfield code="8">PHYS</subfield>
    <subfield code="9">1406</subfield>
    <subfield code="a">KO</subfield>
    <subfield code="b">KO</subfield>
    <subfield code="c">GEN</subfield>
    <subfield code="d">2017-06-30</subfield>
    <subfield code="e">Educational Supplies</subfield>
    <subfield code="g">699.00</subfield>
    <subfield code="o">620.1053 B3924</subfield>
    <subfield code="p">BK003741</subfield>
    <subfield code="r">2019-08-05</subfield>
    <subfield code="y">BK</subfield>
    <subfield code="z">Gen. Shelf-11, Row-3</subfield>
  </datafield>
  <datafield tag="952" ind1=" " ind2=" ">
    <subfield code="0">0</subfield>
    <subfield code="1">0</subfield>
    <subfield code="4">0</subfield>
    <subfield code="6">620_105300000000000_B3924</subfield>
    <subfield code="7">0</subfield>
    <subfield code="8">PHYS</subfield>
    <subfield code="9">1407</subfield>
    <subfield code="a">KO</subfield>
    <subfield code="b">KO</subfield>
    <subfield code="c">GEN</subfield>
    <subfield code="d">2017-06-30</subfield>
    <subfield code="e">Educational Supplies</subfield>
    <subfield code="g">699.00</subfield>
    <subfield code="o">620.1053 B3924</subfield>
    <subfield code="p">BK003742</subfield>
    <subfield code="r">2019-08-05</subfield>
    <subfield code="y">BK</subfield>
    <subfield code="z">Gen. Shelf-11, Row-3</subfield>
  </datafield>
  <datafield tag="952" ind1=" " ind2=" ">
    <subfield code="0">0</subfield>
    <subfield code="1">0</subfield>
    <subfield code="4">0</subfield>
    <subfield code="6">620_105300000000000_B3924</subfield>
    <subfield code="7">0</subfield>
    <subfield code="8">PHYS</subfield>
    <subfield code="9">1408</subfield>
    <subfield code="a">KO</subfield>
    <subfield code="b">KO</subfield>
    <subfield code="c">GEN</subfield>
    <subfield code="d">2017-06-30</subfield>
    <subfield code="e">Educational Supplies</subfield>
    <subfield code="g">699.00</subfield>
    <subfield code="o">620.1053 B3924</subfield>
    <subfield code="p">BK003743</subfield>
    <subfield code="r">2019-08-05</subfield>
    <subfield code="y">BK</subfield>
    <subfield code="z">Gen. Shelf-11, Row-3</subfield>
  </datafield>
  <datafield tag="952" ind1=" " ind2=" ">
    <subfield code="0">0</subfield>
    <subfield code="1">0</subfield>
    <subfield code="4">0</subfield>
    <subfield code="6">620_105300000000000_B3924</subfield>
    <subfield code="7">0</subfield>
    <subfield code="8">PHYS</subfield>
    <subfield code="9">1409</subfield>
    <subfield code="a">KO</subfield>
    <subfield code="b">KO</subfield>
    <subfield code="c">GEN</subfield>
    <subfield code="d">2017-06-30</subfield>
    <subfield code="e">Educational Supplies</subfield>
    <subfield code="g">699.00</subfield>
    <subfield code="o">620.1053 B3924</subfield>
    <subfield code="p">BK003744</subfield>
    <subfield code="r">2019-08-05</subfield>
    <subfield code="y">BK</subfield>
    <subfield code="z">Gen. Shelf-11, Row-3</subfield>
  </datafield>
  <datafield tag="952" ind1=" " ind2=" ">
    <subfield code="0">0</subfield>
    <subfield code="1">0</subfield>
    <subfield code="4">0</subfield>
    <subfield code="6">620_105300000000000_B3924</subfield>
    <subfield code="7">0</subfield>
    <subfield code="8">PHYS</subfield>
    <subfield code="9">1410</subfield>
    <subfield code="a">KO</subfield>
    <subfield code="b">KO</subfield>
    <subfield code="c">GEN</subfield>
    <subfield code="d">2017-06-30</subfield>
    <subfield code="e">Educational Supplies</subfield>
    <subfield code="g">699.00</subfield>
    <subfield code="o">620.1053 B3924</subfield>
    <subfield code="p">BK003740</subfield>
    <subfield code="r">2019-08-05</subfield>
    <subfield code="y">BK</subfield>
    <subfield code="z">Gen. Shelf-11, Row-3</subfield>
  </datafield>
</record>
